=LDR 00000nam 2200000 4500 =001 INLIS000000000038341 =005 20130612144019 =008 ***********************************Ind** =035 ##$$0010-061300000038341 =041 ##$$a Ind =082 ##$$a 641.86 =090 ##$$a 641.86, Kir c =100 ##$$a Kirana, Denden =245 ##$$a Cake ulang tahun bentuk angka, Denden Kirana; Editor, Intarina Hardiman =260 ##$$a 2005 $b Jakarta =300 ##$$a 94 hlm, Ilus, 18 cm =650 ##$$a Kue - Resep =700 ##$$a Hardiman, Intarina =850 ##$$a NBPNMAT